000 01112pam a2200277 a 4500
001 634032
003 NUST-PNEC
005 20170116180731.0
008 930527s1993 mau 001 0 eng
010 _a 93014288
020 _a0201526492
040 _aDLC
_cPNEC
_dDLC
050 0 0 _aQA76.73.C153
_bF75 1993
082 0 0 _a005.133 FRI
_220
100 1 _aFriedman, Frank L.
245 1 0 _aProblem solving, abstraction, and design using C++ /
_cFrank L. Friedman, Elliot B. Koffman.
260 _aReading, Mass. :
_bAddison-Wesley,
_cc1993.
300 _axvi, 888, 44, 10 p. ;
_c24 cm.
500 _aIncludes index.
650 0 _aC++ (Computer program language)
_xComputer, MIS
700 1 _aKoffman, Elliot B.
856 _uhttp://www.amazon.com/Problem-Solving-Abstraction-Design-Using/dp/0201526492/ref=sr_1_1?s=books&ie=UTF8&qid=1416061232&sr=1-1&keywords=0201526492
906 _a7
_bcbc
_corignew
_d1
_eocip
_f19
_gy-gencatlg
942 _2ddc
_cBK
999 _c61799
_d61799